日本の市町村1999 #4(北陸・甲信越) - Statistics

General Stats
  • This quiz has been taken 110 times
  • The average score is 179 of 407
Answer Stats
都道府県 所属郡名 市区町村名 % Correct
新潟県 新潟市
93%
石川県 金沢市
88%
石川県 輪島市
86%
新潟県 上越市
83%
新潟県 新発田市
83%
富山県 富山市
83%
石川県 小松市
83%
新潟県 長岡市
81%
新潟県 燕市
81%
新潟県 三条市
81%
新潟県 糸魚川市
81%
石川県 加賀市
81%
新潟県 柏崎市
79%
新潟県 十日町市
79%
新潟県 五泉市
79%
福井県 福井市
79%
新潟県 小千谷市
76%
新潟県 新井市
76%
新潟県 村上市
76%
新潟県 加茂市
76%
富山県 高岡市
76%
富山県 黒部市
76%
石川県 七尾市
76%
石川県 珠洲市
76%
福井県 小浜市
76%
新潟県 豊栄市
74%
新潟県 両津市
74%
新潟県 南魚沼郡 湯沢町
74%
新潟県 刈羽郡 刈羽村
74%
富山県 氷見市
74%
富山県 砺波市
74%
富山県 新湊市
74%
石川県 松任市
74%
石川県 羽咋市
74%
新潟県 新津市
71%
新潟県 見附市
71%
新潟県 三島郡 出雲崎町
71%
新潟県 南魚沼郡 六日町
71%
富山県 魚津市
71%
富山県 滑川市
71%
富山県 下新川郡 朝日町
71%
富山県 中新川郡 立山町
71%
福井県 鯖江市
71%
福井県 敦賀市
71%
福井県 丹生郡 朝日町
71%
山梨県 甲府市
71%
新潟県 白根市
69%
新潟県 北蒲原郡 聖籠町
69%
石川県 石川郡 野々市町
69%
石川県 河北郡 津幡町
69%
福井県 大野市
69%
福井県 坂井郡 三国町
69%
長野県 長野市
69%
新潟県 西蒲原郡 弥彦村
67%
新潟県 北魚沼郡 川口町
67%
富山県 小矢部市
67%
富山県 下新川郡 入善町
67%
富山県 中新川郡 舟橋村
67%
石川県 河北郡 内灘町
67%
福井県 武生市
67%
福井県 勝山市
67%
福井県 坂井郡 坂井町
67%
新潟県 栃尾市
64%
新潟県 中魚沼郡 津南町
64%
新潟県 岩船郡 粟島浦村
64%
富山県 中新川郡 上市町
64%
富山県 婦負郡 婦中町
64%
富山県 婦負郡 八尾町
64%
石川県 鳳至郡 穴水町
64%
石川県 鳳至郡 能都町
64%
福井県 丹生郡 越前町
64%
福井県 坂井郡 丸岡町
64%
福井県 今立郡 池田町
64%
福井県 大飯郡 大飯町
64%
山梨県 都留市
64%
長野県 松本市
64%
長野県 上田市
64%
長野県 佐久市
64%
長野県 北安曇郡 池田町
64%
新潟県 北蒲原郡 水原町
62%
新潟県 西蒲原郡 巻町
62%
新潟県 西蒲原郡 吉田町
62%
新潟県 南蒲原郡 田上町
62%
新潟県 中頸城郡 妙高高原町
62%
新潟県 西頸城郡 能生町
62%
新潟県 西頸城郡 青海町
62%
新潟県 岩船郡 関川村
62%
富山県 下新川郡 宇奈月町
62%
石川県 石川郡 鶴来町
62%
石川県 能美郡 根上町
62%
石川県 羽咋郡 志賀町
62%
福井県 坂井郡 芦原町
62%
福井県 南条郡 南条町
62%
福井県 大飯郡 高浜町
62%
山梨県 山梨市
62%
山梨県 大月市
62%
長野県 飯田市
62%
長野県 伊那市
62%
長野県 中野市
62%
長野県 大町市
62%
富山県 東礪波郡 城端町
60%
富山県 西礪波郡 福光町
60%
石川県 鹿島郡 鹿島町
60%
石川県 鹿島郡 能登島町
60%
福井県 吉田郡 永平寺町
60%
山梨県 富士吉田市
60%
山梨県 塩山市
60%
山梨県 韮崎市
60%
長野県 岡谷市
60%
長野県 諏訪市
60%
長野県 塩尻市
60%
長野県 小諸市
60%
長野県 更埴市
60%
長野県 北佐久郡 軽井沢町
60%
新潟県 三島郡 寺泊町
57%
新潟県 中頸城郡 柿崎町
57%
新潟県 佐渡郡 相川町
57%
石川県 河北郡 高松町
57%
福井県 三方郡 美浜町
57%
山梨県 北都留郡 丹波山村
57%
長野県 駒ヶ根市
57%
長野県 飯山市
57%
長野県 北安曇郡 白馬村
57%
長野県 木曽郡 木祖村
57%
新潟県 北魚沼郡 小出町
55%
新潟県 東頸城郡 松代町
55%
新潟県 中頸城郡 頸城村
55%
新潟県 西頸城郡 名立町
55%
富山県 射水郡 小杉町
55%
富山県 西礪波郡 福岡町
55%
石川県 能美郡 川北町
55%
石川県 河北郡 宇ノ気町
55%
石川県 鳳至郡 門前町
55%
福井県 三方郡 三方町
55%
福井県 遠敷郡 上中町
55%
山梨県 北都留郡 上野原町
55%
山梨県 北都留郡 小菅村
55%
長野県 下高井郡 野沢温泉村
55%
長野県 北安曇郡 小谷村
55%
長野県 南佐久郡 北相木村
55%
長野県 南佐久郡 南相木村
55%
長野県 諏訪郡 下諏訪町
55%
長野県 木曽郡 木曽福島町
55%
長野県 木曽郡 南木曽町
55%
新潟県 北蒲原郡 中条町
52%
新潟県 中蒲原郡 亀田町
52%
新潟県 西蒲原郡 分水町
52%
新潟県 中頸城郡 妙高村
52%
新潟県 岩船郡 朝日村
52%
富山県 東礪波郡 福野町
52%
富山県 東礪波郡 利賀村
52%
富山県 東礪波郡 平村
52%
石川県 江沼郡 山中町
52%
長野県 茅野市
52%
長野県 須坂市
52%
長野県 東筑摩郡 朝日村
52%
長野県 諏訪郡 富士見町
52%
長野県 諏訪郡 原村
52%
新潟県 古志郡 山古志村
50%
石川県 鹿島郡 田鶴浜町
50%
福井県 今立郡 今立町
50%
福井県 南条郡 今庄町
50%
山梨県 南巨摩郡 身延町
50%
山梨県 南巨摩郡 南部町
50%
長野県 下水内郡 栄村
50%
長野県 下高井郡 山ノ内町
50%
長野県 上伊那郡 宮田村
50%
長野県 木曽郡 王滝村
50%
新潟県 中蒲原郡 村松町
48%
富山県 上新川郡 大山町
48%
石川県 石川郡 美川町
48%
石川県 石川郡 白峰村
48%
石川県 羽咋郡 富来町
48%
石川県 鹿島郡 中島町
48%
福井県 坂井郡 春江町
48%
福井県 大野郡 和泉村
48%
福井県 遠敷郡 名田庄村
48%
山梨県 南巨摩郡 早川町
48%
長野県 下伊那郡 阿南町
48%
新潟県 南魚沼郡 塩沢町
45%
富山県 射水郡 大門町
45%
富山県 射水郡 大島町
45%
富山県 東礪波郡 上平村
45%
福井県 坂井郡 金津町
45%
山梨県 南都留郡 道志村
45%
長野県 上高井郡 小布施町
45%
長野県 埴科郡 坂城町
45%
長野県 南佐久郡 小海町
45%
長野県 上伊那郡 辰野町
45%
長野県 上伊那郡 南箕輪村
45%
長野県 下伊那郡 松川町
45%
長野県 下伊那郡 売木村
45%
長野県 下伊那郡 根羽村
45%
新潟県 東蒲原郡 津川町
43%
新潟県 北魚沼郡 入広瀬村
43%
新潟県 中頸城郡 大潟町
43%
新潟県 佐渡郡 佐和田町
43%
富山県 婦負郡 細入村
43%
富山県 射水郡 下村
43%
富山県 東礪波郡 井波町
43%
石川県 能美郡 寺井町
43%
石川県 羽咋郡 志雄町
43%
福井県 丹生郡 越廼村
43%
山梨県 東八代郡 石和町
43%
山梨県 東山梨郡 勝沼町
43%
山梨県 北巨摩郡 小淵沢町
43%
山梨県 中巨摩郡 竜王町
43%
山梨県 中巨摩郡 昭和町
43%
山梨県 西八代郡 上九一色村
43%
山梨県 南都留郡 山中湖村
43%
山梨県 南都留郡 忍野村
43%
長野県 上水内郡 信濃町
43%
長野県 北佐久郡 御代田町
43%
長野県 南佐久郡 川上村
43%
長野県 上伊那郡 箕輪町
43%
長野県 木曽郡 上松町
43%
長野県 木曽郡 大桑村
43%
長野県 下伊那郡 阿智村
43%
長野県 下伊那郡 天龍村
43%
新潟県 中頸城郡 中郷村
40%
新潟県 佐渡郡 小木町
40%
富山県 上新川郡 大沢野町
40%
富山県 婦負郡 山田村
40%
石川県 羽咋郡 押水町
40%
福井県 足羽郡 美山町
40%
山梨県 東八代郡 八代町
40%
山梨県 西八代郡 市川大門町
40%
長野県 上水内郡 信州新町
40%
長野県 北安曇郡 松川村
40%
長野県 南安曇郡 豊科町
40%
長野県 東筑摩郡 麻績村
40%
長野県 東筑摩郡 山形村
40%
長野県 南佐久郡 南牧村
40%
長野県 下伊那郡 喬木村
40%
長野県 下伊那郡 大鹿村
40%
新潟県 三島郡 三島町
38%
新潟県 南魚沼郡 大和町
38%
新潟県 岩船郡 山北町
38%
新潟県 佐渡郡 羽茂町
38%
富山県 東礪波郡 庄川町
38%
石川県 鳳至郡 柳田村
38%
山梨県 南巨摩郡 鰍沢町
38%
山梨県 南都留郡 西桂町
38%
長野県 上水内郡 小川村
38%
長野県 小県郡 東部町
38%
長野県 小県郡 青木村
38%
長野県 南安曇郡 穂高町
38%
長野県 北佐久郡 立科町
38%
長野県 下伊那郡 泰阜村
38%
新潟県 北蒲原郡 京ヶ瀬村
36%
新潟県 西蒲原郡 黒埼町
36%
新潟県 東蒲原郡 鹿瀬町
36%
新潟県 刈羽郡 西山町
36%
新潟県 東頸城郡 浦川原村
36%
石川県 能美郡 辰口町
36%
石川県 鹿島郡 鹿西町
36%
石川県 珠洲郡 内浦町
36%
福井県 丹生郡 清水町
36%
福井県 丹生郡 織田町
36%
福井県 吉田郡 松岡町
36%
福井県 吉田郡 上志比村
36%
山梨県 南都留郡 鳴沢村
36%
長野県 下高井郡 木島平村
36%
長野県 東筑摩郡 生坂村
36%
長野県 下伊那郡 高森町
36%
新潟県 北蒲原郡 紫雲寺町
33%
新潟県 北蒲原郡 黒川村
33%
新潟県 西蒲原郡 岩室村
33%
新潟県 西蒲原郡 潟東村
33%
新潟県 北魚沼郡 堀之内町
33%
新潟県 東頸城郡 松之山町
33%
新潟県 佐渡郡 赤泊村
33%
石川県 河北郡 七塚町
33%
山梨県 東山梨郡 春日居町
33%
山梨県 南都留郡 富士河口湖町
33%
長野県 上水内郡 戸隠村
33%
長野県 小県郡 和田村
33%
長野県 東筑摩郡 明科町
33%
長野県 南佐久郡 佐久町
33%
長野県 上伊那郡 飯島町
33%
長野県 上伊那郡 高遠町
33%
新潟県 北蒲原郡 加治川村
31%
新潟県 西蒲原郡 月潟村
31%
新潟県 東頸城郡 大島村
31%
新潟県 中頸城郡 清里村
31%
新潟県 岩船郡 荒川町
31%
新潟県 佐渡郡 真野町
31%
石川県 石川郡 鳥越村
31%
石川県 石川郡 吉野谷村
31%
福井県 南条郡 河野村
31%
山梨県 東八代郡 一宮町
31%
山梨県 北巨摩郡 長坂町
31%
長野県 上高井郡 高山村
31%
長野県 小県郡 真田町
31%
長野県 北佐久郡 北御牧村
31%
長野県 木曽郡 山口村
31%
長野県 下伊那郡 豊丘村
31%
長野県 下伊那郡 下條村
31%
新潟県 西蒲原郡 西川町
29%
新潟県 西蒲原郡 味方村
29%
新潟県 東蒲原郡 三川村
29%
新潟県 南蒲原郡 下田村
29%
新潟県 北魚沼郡 守門村
29%
新潟県 東頸城郡 牧村
29%
新潟県 佐渡郡 金井町
29%
石川県 鹿島郡 鳥屋町
29%
福井県 丹生郡 宮崎村
29%
長野県 上水内郡 豊野町
29%
長野県 南安曇郡 安曇村
29%
長野県 南佐久郡 臼田町
29%
長野県 下伊那郡 清内路村
29%
長野県 下伊那郡 平谷村
29%
新潟県 北蒲原郡 安田町
26%
新潟県 中蒲原郡 小須戸町
26%
新潟県 三島郡 越路町
26%
新潟県 中魚沼郡 中里村
26%
新潟県 岩船郡 神林村
26%
新潟県 佐渡郡 新穂村
26%
富山県 東礪波郡 井口村
26%
石川県 石川郡 河内村
26%
石川県 石川郡 尾口村
26%
山梨県 東山梨郡 大和村
26%
山梨県 北巨摩郡 双葉町
26%
山梨県 南都留郡 秋山村
26%
長野県 上水内郡 鬼無里村
26%
長野県 埴科郡 戸倉町
26%
長野県 小県郡 丸子町
26%
長野県 小県郡 長門町
26%
長野県 東筑摩郡 坂北村
26%
長野県 上伊那郡 中川村
26%
長野県 木曽郡 楢川村
26%
長野県 下伊那郡 南信濃村
26%
新潟県 北蒲原郡 笹神村
24%
新潟県 南蒲原郡 中之島町
24%
新潟県 三島郡 和島村
24%
新潟県 北魚沼郡 湯之谷村
24%
新潟県 刈羽郡 小国町
24%
新潟県 東頸城郡 安塚町
24%
新潟県 中頸城郡 三和村
24%
山梨県 東八代郡 御坂町
24%
山梨県 南都留郡 足和田村
24%
山梨県 南都留郡 勝山村
24%
長野県 上水内郡 牟礼村
24%
長野県 南佐久郡 八千穂村
24%
新潟県 北蒲原郡 豊浦町
21%
新潟県 西蒲原郡 中之口村
21%
新潟県 東蒲原郡 上川村
21%
新潟県 佐渡郡 畑野町
21%
山梨県 南巨摩郡 富沢町
21%
山梨県 西八代郡 下部町
21%
新潟県 南蒲原郡 栄町
19%
新潟県 刈羽郡 高柳町
19%
新潟県 中頸城郡 板倉町
19%
山梨県 北巨摩郡 須玉町
19%
山梨県 北巨摩郡 白州町
19%
長野県 南安曇郡 梓川村
19%
長野県 南安曇郡 奈川村
19%
長野県 木曽郡 日義村
19%
長野県 木曽郡 開田村
19%
長野県 下伊那郡 上村
19%
新潟県 北魚沼郡 広神村
17%
新潟県 中魚沼郡 川西町
17%
山梨県 東山梨郡 牧丘町
17%
山梨県 東山梨郡 三富村
17%
山梨県 中巨摩郡 芦安村
17%
山梨県 南巨摩郡 増穂町
17%
長野県 下伊那郡 浪合村
17%
新潟県 中蒲原郡 横越町
14%
新潟県 三島郡 与板町
14%
山梨県 東八代郡 中道町
14%
山梨県 北巨摩郡 大泉村
14%
山梨県 中巨摩郡 敷島町
14%
山梨県 中巨摩郡 櫛形町
14%
山梨県 中巨摩郡 若草町
14%
山梨県 中巨摩郡 田富町
14%
山梨県 西八代郡 六郷町
14%
長野県 上水内郡 三水村
14%
長野県 更級郡 上山田町
14%
長野県 東筑摩郡 波田町
14%
長野県 東筑摩郡 坂井村
14%
長野県 北佐久郡 望月町
14%
新潟県 中頸城郡 吉川町
12%
山梨県 北巨摩郡 武川村
12%
山梨県 中巨摩郡 白根町
12%
山梨県 中巨摩郡 玉穂町
12%
山梨県 中巨摩郡 甲西町
12%
山梨県 西八代郡 三珠町
12%
長野県 下水内郡 豊田村
12%
長野県 北安曇郡 美麻村
12%
長野県 東筑摩郡 四賀村
12%
長野県 東筑摩郡 本城村
12%
長野県 上伊那郡 長谷村
12%
長野県 木曽郡 三岳村
12%
山梨県 東八代郡 豊富村
10%
山梨県 東八代郡 芦川村
10%
山梨県 北巨摩郡 高根町
10%
山梨県 中巨摩郡 八田村
10%
山梨県 南巨摩郡 中富町
10%
長野県 小県郡 武石村
10%
長野県 北佐久郡 浅科村
10%
山梨県 東八代郡 境川村
7%
山梨県 北巨摩郡 明野村
7%
長野県 上水内郡 中条村
7%
長野県 更級郡 大岡村
7%
長野県 北安曇郡 八坂村
7%
長野県 南安曇郡 堀金村
7%
長野県 南安曇郡 三郷村
7%
No matching quizzes found
Score Distribution
Percent of People with Each Score
Percentile by Number Answered
Your Score History
You have not taken this quiz